Music Quiz

Random Music or Kpop Quiz

Name The Kpop Fandom Names Quiz Stats

 Plays Quiz not verified by Sporcle

Score 0/80 Timer 14:00
0 Plays Today
Hint Answer % Correct
BTSArmy
93.8%
EXOExo - L
91.3%
BIGBANGV.I.P
89%
BLACKPINKBlink
86.5%
GOT7IGot7
83.6%
SUPER JUNIORElf
75.4%
SNSDSone
75%
APINKPink Panda
74.9%
TWICEOnce
74.4%
IKONIkonic
73.9%
SHINEEShawol
73.2%
B.A.PBaby
71.7%
SEVENTEENCarat
71.1%
2PMHottest
70.7%
BEASTBeauty
69.8%
2NE1Blackjack
69.4%
VIXXStarlight
68.4%
4MINUTE4NIA
68.3%
MAMAMOOMoomoo
67.4%
INFINITEInspirit
66.5%
BOYFRIENDBestfriend
64.6%
BLOCK BBBC
64.3%
AOAElvis
62.9%
BTOBMelody
62.8%
MONSTA XMonbebe
62.7%
U - KISSKiss Me
61.2%
F(X)Me U
61%
WINNERInner Circle
59.9%
B1A4Bana
59.7%
MISS ASay A
57.5%
2AMI AM
56.6%
GFRIENDBuddy
55%
T - ARAQueen's
52.6%
TEEN TOPAngel
51.8%
SISTARStar 1
50.8%
CNBLUEBoice
49.9%
MBLAQA+
49.3%
EXIDL.E.G.O
48.6%
KNKTinkerbell
48%
NU'ESTLove
47%
Hint Answer % Correct
WONDER GIRLSWonderful
45.4%
GIRL'S DAYDaisy
45.3%
TVXQ/DBSKCassiopeia
45%
FT ISLANDPrimadonna
44.7%
TOPPDOGGToppKlass
43.6%
24K24U
43.2%
BROWN EYED GIRLSEverlasting
42.3%
ASTROAroha
41.2%
HISTORYStoria
40.8%
KARAKamilia
38.9%
SF9Fantasy
38.2%
MADTOWNMadpeople
38.2%
LOVELYZLovelinus
37.3%
UNIQUnicorn
37.3%
EPIK HIGHHigh Skool
36.2%
SHINHWAShinhwa Changjo
35.3%
BOAJumping Boa
35.2%
UP10TIONHoney10
35.2%
HELLO VENUSHello Cupid
34.5%
APRILFineapple
34.2%
NINE MUSESMine
32%
AileeAileeans
30.8%
VICTONAlice
30.4%
CROSS GENECandY
28.8%
RAINClouds
23.8%
BERRY GOODVery Berry
23.5%
ZE:AZE:A’S
22.9%
LADIE'S CODELavely
20.8%
BESTIEBestiny
20.7%
CLCChesire
20.7%
OH MY GIRLMiracle
19.5%
DAY6Sunday
19.4%
JAY PARKJay Walkers
18.3%
VROMANCEVroccoli
8.8%
LEE HIHi - Heels
8.6%
CRAYON POPPopgirl
8.2%
LEE HYORIHyorish
7%
STELLARTwinkle
6.6%
ORANGE CARAMELCandies
5.3%
FIESTARLet's Star
3.6%

You're not logged in!

Compare scores with friends on all Sporcle quizzes.
OR
Log In

Sporcle TV

Today on Sporcle TV


Watch our educational content, quiz creation guides, and fun videos on Sporcle TV.

Show Comments

Extras

Created Jul 22, 2016ReportNominate
Tags:Kpop Quiz, Kpop Quiz

Top Quizzes Today


Score Distribution

Your Account Isn't Verified!

In order to create a playlist on Sporcle, you need to verify the email address you used during registration. Go to your Sporcle Settings to finish the process.

Report this User

Report this user for behavior that violates our Community Guidelines.

Details: